000 01186nam a22003377a 4500
003 CHAP
005 20220329140901.0
008 971013s1982 r 00010 d
010 _a59246
011 _a60218
035 _a64378
040 _cCHAP
090 _aTesis
100 0 0 _aProtti Alvarado, Fernando.
_992475
245 _aEvaluación económica y financiera del proyecto de plantaciones forestales en La Frailesca, Chiapas
260 _aChapingo, Méx. :
_bEl autor,
_c1982
300 _a143 h.
_b: apénd. ; gráfs. ; mapas
502 _aTesis (M.C. Esp. en Economía) -- CP. Centro de Economía Agrícola
590 _aALEPH
_b10
_c20130110
_lUCH01
_h1337
590 _aBATCH-UPD
_b10
_c20130110
_lUCH01
_h0606
590 _aBATCH-UPD
_b10
_c20130410
_lUCH01
_h0248
590 _aBATCH-UPD
_b10
_c20130914
_lUCH01
_h0716
590 _aCONVERSION
_b10
_c20130109
_lUCH01
_h1332
650 1 4 _aBosques
_xAspectos económicos
_xChiapas.
_914065
650 1 4 _aBosques
_zChiapas.
_914414
650 1 4 _aPlantación de árboles.
_988782
901 _aBK
942 _cFOLL
949 _bBC
_cTES
_d-140161
_eTS1
_i64378
_si
949 _bBC
_cTES
_d33724000683033
_eTS2
_fc.2
_h31981
_i64378
_sb
999 _c59246
_d59246